Cái biết của người xưa

Kaydedildi:
Detaylı Bibliyografya
Yazar: Dương Diên Hồng
Materyal Türü: Kitap
Dil:Vietnamese
Baskı/Yayın Bilgisi: Thanh Niên 1999
Konular:
Etiketler: Etiketle
Etiket eklenmemiş, İlk siz ekleyin!
Thư viện lưu trữ: Mạng thư viện Đại học Đà Nẵng
LEADER 00967nam a2200313 a 4500
001 000003691
003 00451
005 20171229145311.0
008 171229s1999 vie
040 |a LSK 
041 0 |a VIE 
082 0 |a 895.1  |b DƯ-H 
100 1 |a Dương Diên Hồng 
245 0 0 |a Cái biết của người xưa 
260 |b Thanh Niên  |c 1999 
300 |a 252 pages  |c 19 cm. 
653 |a Văn học - Trung Quốc - Văn xuôi 
852 |a Phòng Đọc 
901 |a 2 
927 |a Sách tham khảo 
OWN |a LSK 
AVA |a UDN50  |b LSK  |d 895.1 DƯ-H  |e available  |t Error 5001 Not defined in file expand_doc_bib_avail.  |f 2  |g 0  |h N  |i 0  |k 1 
999 |a From the UDN01 
AVA |a UDN50  |b LSK  |d 895.1 DƯ-H  |e available  |t Error 5001 Not defined in file expand_doc_bib_avail.  |f 2  |g 0  |h N  |i 0  |k 1 
TYP |a Monograph 
TYP |a Printed language 
980 |a Mạng thư viện Đại học Đà Nẵng